000 00570nam a2200205Ia 4500
005 20250326142049.0
008 250326s9999 xx 000 0 und d
020 _a0-07-038931-4
037 _aTextbook
040 _aFMSL
_beng
_cFMSL
041 _aeng
_2eng
084 _aX:8ogD658(2:55) M6
_qFMSL
100 _aLucas Henry C
245 0 _aInformation systems concepts for manage
_cLucas Henry C
250 _a3
260 _aNY
_bNY, McGraw-Hill
_c1986
300 _axii,571
942 _cTB
_hX:8ogD658(2:55) M6
999 _c1293270
_d1293270